Catálogo
 En Linea

La antropología como pasión y como práctica : (Registro nro. 39162)

Detalles MARC
000 -CABECERA
campo de control de longitud fija 00866nam a2200193 a 4500
001 - NÚMERO DE CONTROL
campo de control 000039672
005 - FECHA Y HORA DE LA ÚLTIMA TRANSACCIÓN
campo de control 20201002033654.0
008 - DATOS DE LONGITUD FIJA--INFORMACIÓN GENERAL
campo de control de longitud fija 130715s2004 sp 000 0 spa d
040 ## - FUENTE DE LA CATALOGACIÓN
Centro catalogador/agencia de origen DO-SdBNP
245 03 - MENCIÓN DE TÍTULO
Título La antropología como pasión y como práctica :
Resto del título ensayos in honorem Julian Pitt-Rivers /
Mención de responsabilidad, etc. Coordinado por Honorio M. Velasco ; con la colaboración de Dominique Fournier y Luis Díaz G. Viana.
260 ## - PUBLICACIÓN, DISTRIBUCIÓN, ETC.
Lugar de publicación, distribución, etc. Madrid :
Nombre del editor, distribuidor, etc. Consejo Superior de Investigaciones Científicas,
Fecha de publicación, distribución, etc. 2004.
300 ## - DESCRIPCIÓN FÍSICA
Extensión 418 p. ;
Dimensiones 26 cm.
490 1# - MENCIÓN DE SERIE
Mención de serie Biblioteca de dialectología y tradiciones populares
700 1# - PUNTO DE ACCESO ADICIONAL--NOMBRE DE PERSONA
Nombre de persona Valasco, Honorio M.
Término indicativo de función/relación coor.
9 (RLIN) 65864
700 1# - PUNTO DE ACCESO ADICIONAL--NOMBRE DE PERSONA
Nombre de persona Fournier, Dominique
9 (RLIN) 65865
700 1# - PUNTO DE ACCESO ADICIONAL--NOMBRE DE PERSONA
Nombre de persona Díaz G. Viana, Luis
9 (RLIN) 43426
710 2# - PUNTO DE ACCESO ADICIONAL--NOMBRE DE ENTIDAD CORPORATIVA
Nombre de entidad corporativa o nombre de jurisdicción como elemento de entrada Consejo Superior de Investigaciones Científicas
9 (RLIN) 4786
830 #0 - PUNTO DE ACCESO ADICIONAL DE SERIE-TÍTULO UNIFORME
Título uniforme Biblioteca de dialectología y tradiciones populares
Designación de volumen o secuencia 41
9 (RLIN) 64038
Existencias
Estado de retiro Estado de pérdida Restricciones de uso No para préstamo Código de colección Localización permanente Ubicación/localización actual Ubicación en estantería Fecha de adquisición Número de inventario Total de préstamos Signatura topográfica completa Código de barras Fecha visto por última vez Precio válido a partir de Tipo de ítem Koha
      Excluido de préstamo Monografías: Libros y Folletos General General En catalogación 15.07.2013 LF1   39672-10 25.06.2020 25.06.2020 No se presta

Con tecnología Koha